|
|
|
|
| LEADER |
00992cam a2200253 7i4500 |
| 001 |
0000059678 |
| 005 |
20210727090000.0 |
| 020 |
|
|
|a 9783540754398 (electronic book)
|
| 090 |
0 |
0 |
|a QH344
|b .K73 2008
|
| 100 |
1 |
|
|a Krapivin, Vladimir F
|
| 245 |
1 |
0 |
|a Biogeochemical cycles in globalization and sustainable development
|c Vladimir F. Krapivin and Costas A. Varotsos.
|
| 264 |
|
|
|a Berlin:
|b Springer,
|c 2008.
|
| 300 |
|
|
|a 1 online resource (xxxv, 562 pages):
|b illustrations, text file, PDF.
|
| 336 |
|
|
|a text
|2 rdacontent
|
| 337 |
|
|
|a computer
|2 rdamedia
|
| 338 |
|
|
|a online resource
|2 rdacarrier
|
| 650 |
|
0 |
|a Globalization --
|x Environmental aspects
|
| 650 |
|
0 |
|a Biogeochemical cycles
|
| 655 |
|
0 |
|a Electronic books
|
| 700 |
1 |
|
|a Varotsos, Costas
|
| 856 |
4 |
2 |
|u http://library.unisel.edu.my/web/guest/mylibrary
|
| 997 |
|
|
|a Engineering & Life Sciences, Faculty
|b Science & Biotechnology, Department
|
| 998 |
|
|
|a Biotechnology, Degree
|
| 999 |
|
|
|a EBO0005925
|b EBOOK
|c EBOOK
|e Electronic resources
|